000 00335nam a22001457a 4500
008 230124b ||||| |||| 00| 0 eng d
020 _a2900765625440
041 _aeng
080 _2SECOND EDITION
_a330
082 _a330BER
100 _a23
101 _aECON
245 _aINTERNATIONAL ECONOMICS
_cBERG DEN V H
942 _2udc
_cBK
999 _c59257
_d59257